|
|
|
|
| LEADER |
01893nam a2200289 u 4500 |
| 001 |
10116741 |
| 003 |
upatras |
| 005 |
20220629111246.0 |
| 008 |
150701s1986 gr gre |
| 040 |
|
|
|a GR-PaULI
|c GR-PaULI
|
| 041 |
0 |
|
|a gre
|
| 082 |
1 |
4 |
|a 889.05
|2 ΕΕΒ
|
| 110 |
|
0 |
|a Δήμος Θεσσαλονίκης
|b Βαφοπούλειο Πνευματικό Κέντρο.
|9 144955
|
| 245 |
1 |
0 |
|a Το περιοδικό "ΜΑΚΕΔΟΝΙΚΕΣ ΗΜΕΡΕΣ" (1932-1939, 1952-1953)
|b έκθεση τευχών και εκδόσεων
|c Δήμος Θεσσαλονίκης, Βαφοπούλειο Πνευματικό Κέντρο; επιμ. Αγλαϊα Κεχαγιά-Λυπουρλή.
|
| 260 |
|
|
|a Θεσσαλονίκη
|b [Δήμος Θεσσαλονίκης]
|c 1986
|
| 300 |
|
|
|a 119 σ.
|b εικ.
|c 21 εκ.
|
| 500 |
|
|
|a Το έργο αποτελεί κατάλογο έκθεσης τευχών και εκδόσεων του περιοδικού "Μακεδονικές Ημέρες" που πραγματοποιήθηκε στην Θεσσαλονίκη τον Δεκέμβριο του 1986.
|
| 504 |
|
|
|a Περιέχει βιβλιογραφία: σ. 105-111 και ευρετήριο
|
| 650 |
|
4 |
|a Νεοελληνική λογοτεχνία
|x Περιοδικά
|9 187115
|
| 700 |
1 |
|
|a Κεχαγιά-Λυπουρλή, Αγλαϊα
|4 edt
|9 144956
|
| 710 |
2 |
|
|a Βαφοπούλειο Πνευματικό Κέντρο
|9 41689
|
| 773 |
0 |
|
|t [Ευρετήριο του περιοδικού Μακεδονικές ημέρες]
|
| 852 |
|
|
|a GR-PaULI
|b ΠΑΤΡΑ
|b ΘΕΑΤΡΟΛΟΓΙΑ
|k ΑΣΧΕ-3
|h 889.05 ΠΕΡ
|m 011704
|p 025000137713
|t 1
|
| 942 |
|
|
|2 ddc
|c BK15
|
| 952 |
|
|
|0 0
|1 0
|4 0
|6 889_050000000000000_ΠΕΡ
|7 0
|9 180947
|a THST
|b THST
|d 2016-04-24
|i 011704
|l 0
|o 889.05 ΠΕΡ
|p 025000137713
|r 2016-04-24 00:00:00
|t 1
|w 2016-04-24
|y BK15
|
| 998 |
|
|
|c ΜΑΝΙΑ
|d 2015-07
|
| 999 |
|
|
|c 111842
|d 111842
|